000 00982cam a2200145 4500500
005 20260208003725.0
041 _afre
042 _adc
100 1 0 _aLisi, Francisco L.
_eauthor
245 0 0 _aPlotin, Traités 22-26 [22. et 23. Sur la raison pour laquelle l’être, un et identique, est partout tout entier. 24. Sur le fait que ce qui est au-delà de l’être n’intellige pas, et sur ce que sont les principes premier et second d’intellection. 25. Sur le sens de « en puissance » et « en acte. » 26. Sur l’impassibilité des incorporels. Présentés, traduits et annotés par Richard Dufour, Jérôme Laurent et Laurent Lavaud sous la direction de L. Brisson et J.-F. Pradeau], Paris, Flammarion, 2004, 258 p.
260 _c2005.
500 _a5
786 0 _nLes Études philosophiques | 72 | 1 | 2005-03-01 | p. 117t-142t | 0014-2166
856 4 1 _uhttps://shs.cairn.info/revue-les-etudes-philosophiques-2005-1-page-117t?lang=fr&redirect-ssocas=7080
999 _c1648663
_d1648663